Welcome to the Holygrace Academy Library

Please use search bar below to get started

RAJBHASHA HINDI AUR USKA VIKAS (Record no. 4505)

MARC details
000 -LEADER
fixed length control field 00294nam a22001337a 4500
082 ## - DEWEY DECIMAL CLASSIFICATION NUMBER
Classification number 494
Item number BHA/R
100 ## - MAIN ENTRY--AUTHOR NAME
Personal name BHACHOTHIYA,HARILAL
245 ## - TITLE STATEMENT
Title RAJBHASHA HINDI AUR USKA VIKAS
250 ## - EDITION STATEMENT
Edition statement FIRST
260 ## - PUBLICATION, DISTRIBUTION, ETC. (IMPRINT)
Place of publication DELHI
Name of publisher ARYA PRAKASHAN
300 ## - PHYSICAL DESCRIPTION
Number of Pages 134
650 ## - SUBJECT ADDED ENTRY--TOPICAL TERM
Topical Term LETTERS
Geographic subdivision DELHI
942 ## - ADDED ENTRY ELEMENTS (KOHA)
Koha item type Books
Holdings
Withdrawn status Lost status Collection code Home library Current library Shelving location Date acquired Source of acquisition Full call number Accession Number Koha item type
    Reference Main Library Main Library   24/10/2006 PURCHASE 494 BHA/R 04225 Books